书目信息 |
| 题名: |
中国未来粮食安全论
|
|
| 作者: | 胡岳岷 著 | |
| 分册: | ||
| 出版信息: | 北京 科学出版社 2006 |
|
| 页数: | 12,164页 | |
| 开本: | 24cm | |
| 丛书名: | 华夏英才基金学术文库 | |
| 单 册: | ||
| 中图分类: | F326.11 | |
| 科图分类: | ||
| 主题词: | 粮食--问题--研究--中国 | |
| 电子资源: | ||
| ISBN: | 7-03-017036-9 | |
| 000 | 00926oam2 2200277 45 | |
| 001 | 012004066735 | |
| 005 | 20070805081707.00 | |
| 009 | 012004066735 | |
| 010 | @a7-03-017036-9@dCNY38.00 | |
| 035 | @a(110020)012006039342 | |
| 100 | @a20060901d2006 em y0chiy0110 ea | |
| 101 | 0 | @achi |
| 102 | @aCN@b110000 | |
| 105 | @ay z 000yy | |
| 106 | @ar | |
| 200 | 1 | @a中国未来粮食安全论@Azhong guo wei lai liang shi an quan lun@f胡岳岷著@Fhu yue min zhu |
| 210 | @a北京@c科学出版社@d2006 | |
| 215 | @a12,164页@d24cm | |
| 225 | 2 | @a华夏英才基金学术文库@Ahua xia ying cai ji jin xue shu wen ku |
| 330 | @a本书分六章,包括:粮食安全问题的基本前提、粮食安全问题的理论渊源、粮食安全的历史借鉴、粮食安全的资源约束等内容。 | |
| 461 | 0 | @12001 @a华夏英才基金学术文库 |
| 606 | 0 | @a粮食@x问题@x研究@y中国 |
| 690 | @aF326.11@v4 | |
| 701 | 0 | @a胡岳岷@Ahu yue min@4著 |
| 801 | 0 | @aCN@b110020@c20070805 |
| 905 | @dF326.11@e95@f4 | |
| 中国未来粮食安全论/胡岳岷著.-北京:科学出版社,2006 |
| 12,164页;24cm.-(华夏英才基金学术文库) |
| ISBN 7-03-017036-9:CNY38.00 |
| 本书分六章,包括:粮食安全问题的基本前提、粮食安全问题的理论渊源、粮食安全的历史借鉴、粮食安全的资源约束等内容。 |
| ● |
| 相关链接 |
|
|
|
|
正题名:中国未来粮食安全论
索取号:F326.11/95
 
预约/预借
| 序号 | 登录号 | 条形码 | 馆藏地/架位号 | 状态 | 备注 |
| 1 | 0851347 | 208513474 | 第一样本阅览室/ [索取号:F326.11/95] | 在馆 | |
| 2 | 0851348 | 208513483 | 第一借阅区/ [索取号:F326.11/95] | 在馆 | |
| 3 | 0851349 | 208513492 | 第一借阅区/ [索取号:F326.11/95] | 在馆 | |
| 4 | 0851350 | 208513508 | 第一借阅区/ [索取号:F326.11/95] | 在馆 |